Responses to questions for the record : September 2008 hearing on the Next Generation Air Transportation System : status and issues.

Transcript of hearing of the Committee of Science and Technology of the U.S. House of Repesentatives, held on Sept. 11, 2008. Includes GAO s responses to questions from Committee members about the Next Generation Air Transportation System.

Bibliographic Details
Corporate Authors: United States. Government Accountability Office, United States. Congress. House. Committee on Science and Technology
Other Authors: Dillingham, Gerald Lee, 1947-
Format: eBook
Language:English
Published: Washington, D.C. : United States Government Accountability Office, [2008]
Subjects:
Online Access:Connect to the full text of this electronic report

MARC

Tag First Indicator Second Indicator Subfields
LEADER 00000cam a2200000Ia 4500
001 in00002483513
005 20151110040657.0
006 m d f
007 cr mn|||||||||
008 081216s2008 dcu s f000 0 eng c
035 |a (OCoLC)ocn287269394 
035 |a (OCoLC)287269394 
040 |a TXA  |c TXA  |d TXA  |d UtOrBLW 
043 |a n-us--- 
049 |a TXAM 
090 |a TL725.3.T7  |b U55 
110 1 |a United States.  |b Government Accountability Office. 
245 1 0 |a Responses to questions for the record :  |b September 2008 hearing on the Next Generation Air Transportation System : status and issues. 
246 3 0 |a September 2008 hearing on the Next Generation Air Transportation System :  |b status and issues 
246 3 0 |a Next Generation Air Transportation System :  |b status and issues 
246 3 7 |a Responses to questions from NextGen hearing 
264 1 |a Washington, D.C. :  |b United States Government Accountability Office,  |c [2008] 
300 |a 13 pages :  |b digital, PDF file 
336 |a text  |b txt  |2 rdacontent 
337 |a computer  |b c  |2 rdamedia 
338 |a online resource  |b cr  |2 rdacarrier 
538 |a Mode of access: World Wide Web 
516 |a Text (U.S. House of Representatives hearing) 
500 |a Title from subject line on the PDF cover (viewed on Dec. 16, 2008). 
500 |a "Gerald Dillingham"--Signature on PDF cover. 
500 |a "Oct. 11, 2008"--PDF cover. 
520 |a Transcript of hearing of the Committee of Science and Technology of the U.S. House of Repesentatives, held on Sept. 11, 2008. Includes GAO s responses to questions from Committee members about the Next Generation Air Transportation System. 
504 |a Includes bibliographical references. 
500 |a Report number: GAO-09-130R. 
500 |a Electronic resource. 
610 1 0 |a United States.  |b Next Generation Air Transportation System Joint Planning & Development Office. 
650 0 |a Air traffic control  |z United States  |x Planning. 
650 0 |a Aeronautics, Commercial  |z United States. 
650 0 |a Aeronautics and state  |z United States. 
700 1 |a Dillingham, Gerald Lee,  |d 1947- 
710 1 |a United States.  |b Congress.  |b House.  |b Committee on Science and Technology. 
856 4 0 |u http://www.gao.gov/new.items/d09130r.pdf  |z Connect to the full text of this electronic report  |t 0 
994 |a C0  |b TXA 
948 |a cataloged  |b h  |c 2008/12/16  |d o  |e jho  |f 7:14:09 pm 
999 |a MARS 
999 f f |s efa4729c-79a9-3c8a-a6b6-f4ec68c2ec5d  |i 00c7c6de-f299-3ab3-afab-9cffa95218a6  |t 0 
952 f f |a Texas A&M University  |b College Station  |c Electronic Resources  |d Available Online  |t 0  |e TL725.3.T7 U55  |h Library of Congress classification 
998 f f |a TL725.3.T7 U55  |t 0  |l Available Online